| 000 | 01061cam a2200205 i 4500 | ||
|---|---|---|---|
| 005 | 20251130143404.0 | ||
| 008 | 250721s1991 le gr 000 0 ara d | ||
| 082 | 1 | 4 |
_a213 _bع ب د |
| 100 | 1 |
_aالعبدي، الحسن بن عرفه أبو علي _d( 150 - 257 ) ه، _eمؤلف. |
|
| 245 | 1 | 2 |
_aالأحاديث العوالي من جزء إبن عرفه العبدي / _cرواية شيخ الاسلام الحافظ ابن تيمية ؛ انتقاء الامام الحافظ شمس الدين الذهبي ؛ حققه الدكنور عبدالرحمن بن عبد الجبار الفريوائي. |
| 250 | _aالطبعة الاولى. | ||
| 264 | 3 | 1 |
_aبيروت : _bدار الجيل، _c1991. |
| 300 | _a49 صفحة. | ||
| 650 | 1 | 7 | _aالحديث الشريف. |
| 650 | 1 | 7 | _aالإسلام. |
| 700 | 1 |
_aإبن تيميه، شمس الدين أبو عبد الله محمد _eراوي. _d[661 - 728] ه، |
|
| 700 | 1 |
_aالفريوائي، عبد الرحمن بن عبد الجبار _eمحقق. |
|
| 942 |
_2ddc _cBK |
||
| 999 |
_c17460 _d17460 |
||